| 000 | 00842nam a2200193 i 4500 | ||
|---|---|---|---|
| 001 | 182491 | ||
| 003 | ES-MaACL | ||
| 005 | 20251003152904.0 | ||
| 008 | 130905s1993 sp |||| | cat d | ||
| 245 | 0 | 0 | _aDiscursos en el solemne acte d'investidura com a Doctor Honoris Causa del ... P.Miquel Batllori i Munné, S.I. :Cervera, 8 de maig de 1993. |
| 260 |
_aMadrid : _bUniversidad Nacional de Educación a Distancia, Facultad de Geografía e Historia, _c1993. |
||
| 300 |
_a58 p. ; _c21 cm. |
||
| 505 | 8 | _aConiene: Laudatio / Eduard Ripoll Perelló. Les Borles del doctorat a la Universitat de Cervera / Miquel Batllori i Munné | |
| 610 | 2 | 4 |
_aUniversidad de Cervera. _9153348 |
| 700 | 0 |
_aBatllori, Miguel. _926460 |
|
| 700 | 1 |
_aRipoll Perelló, Eduardo, _d1923-2006 _997437 |
|
| 852 |
_aES-MaACL _j2326-F-13 |
||
| 999 |
_c182491 _d182491 |
||